000
00306nam a22001337a 4500
008
181022b xxu||||| |||| 00| 0 eng d
020
_a
002328318
041
_a
eng
080
_2
7 ED
_a
621
100
_a
27
101
_a
ENG
245
_a
Mterials Processes Manufacturing
_c
Paul.e.d
942
_2
udc
_c
BK
999
_c
50346
_d
50346